000 00891nam a2200229 4500
001 174932
003 ES-MaACL
005 20230906215710.0
008 100714s1998 sp af |||| |dspa d
080 _a75 Kirschner, Alex (083.824)
100 1 _aKirschner, Alex.
_9143229
245 1 0 _aCon-vivencias, vivencias-con
_b: Madrid, febrero-marzo 1998 /
_cAlex Kirschner ; [textos, José Alcázar Iberlucea, Margarita Iglesias, Ricardo Carretero Gramage].
246 3 _aConvivencias, vivencias con
260 _a[Madrid :
_bElvira Carreras, Galería de Arte,
_c1998]
300 _a30 p. :
_bprincipalmente il. col. y n. ;
_c27 cm.
600 1 7 _aKirschner, Alex-
_vExposiciones.
_9143230
655 7 _2tgfbne
_9193628
_aCatálogos de exposiciones
700 1 0 _aCarretero Gramage, Ricardo.
_9225583
852 4 _aES-MaACL
_j2280-F-18
942 _2udc
999 _c174932
_d174932